Ten Middle-Earth Metal/Rock Bands - Statistics

General Stats
  • This quiz has been taken 61 times
  • The average score is 2 of 10
Answer Stats
Hint Answer % Correct
Swedish Death Metal Vikings Amon Amarth
72%
Norwegian Black Metal with notorious singer Burzum
43%
Norwegian Black Metal Gorgoroth
24%
American Heavy/Doom Metal Cirith Ungol
22%
Finnish Melodic Death Metal Gandalf
20%
German Death Metal Morgoth
17%
Short-lived NWOBHM band Aragorn
9%
Italian progressive metal Ephel Duath
4%
German gothic/industrial metal Evereve
2%
Only non-metal progrock band here Marillion
2%
No matching quizzes found
Score Distribution
Percent of People with Each Score
Percentile by Number Answered
Your Score History
You have not taken this quiz